书目信息 |
| 题名: |
颈椎病防治140问
|
|
| 作者: | 徐军 主编 ;于增志 编著 | |
| 分册: | ||
| 出版信息: | 北京 金盾出版社 2008 |
|
| 页数: | 242页 | |
| 开本: | 21cm | |
| 丛书名: | ||
| 单 册: | ||
| 中图分类: | R681.5 | |
| 科图分类: | ||
| 主题词: | 颈椎--脊椎病--防治 , 颈椎 , 脊椎病 | |
| 电子资源: | ||
| ISBN: | 978-7-5082-4826-4 | |
| 000 | 00819nam0 2200265 450 | |
| 001 | 1531199430 | |
| 005 | 20150130091220.59 | |
| 010 | @a978-7-5082-4826-4@dCNY13.00 | |
| 100 | @a20080312d2008 em y0chiy50 ea | |
| 101 | 0 | @achi |
| 102 | @aCN@b110000 | |
| 105 | @aa z 000yy | |
| 200 | 1 | @a颈椎病防治140问@9jing zhui bing fang zhi 140 wen@f徐军主编@g于增志[等]编著 |
| 205 | @a2次修订版 | |
| 210 | @a北京@c金盾出版社@d2008 | |
| 215 | @a242页@c图@d21cm | |
| 330 | @a本书以问答形式概述了颈椎病的基础知识,重点介绍了各型颈椎病的治疗、预防及自我保健方法。 | |
| 606 | 0 | @a颈椎@x脊椎病@x防治 |
| 606 | 0 | @a颈椎 |
| 606 | 0 | @a脊椎病 |
| 690 | @aR681.5@v5 | |
| 701 | 0 | @a徐军@9xu jun@c(康复医学)@4主编 |
| 702 | 0 | @a于增志@9yu zeng zhi@c(医学)@4编著 |
| 801 | 0 | @aCN@bTSSF@c20150130 |
| 905 | @aZUCC@dR681.5@eJY346=2 | |
| 颈椎病防治140问/徐军主编/于增志[等]编著.-2次修订版.-北京:金盾出版社,2008 |
| 242页:图;21cm |
| ISBN 978-7-5082-4826-4:CNY13.00 |
| 本书以问答形式概述了颈椎病的基础知识,重点介绍了各型颈椎病的治疗、预防及自我保健方法。 |
| ● |
| 相关链接 |
|
|
|
|
正题名:颈椎病防治140问
索取号:R681.5/JY346=2
 
预约/预借
| 序号 | 登录号 | 条形码 | 馆藏地/架位号 | 状态 | 备注 |
| 1 | 7862389 | 278623893 | 学院路分馆/ [索取号:R681.5/JY346=2] | 在馆 | |
| 2 | 7862390 | 278623900 | 学院路分馆/ [索取号:R681.5/JY346=2] | 在馆 | |
| 3 | 7862391 | 278623919 | 学院路分馆/ [索取号:R681.5/JY346=2] | 在馆 |